| 000 | 01408cad a22002415a 4500 | ||
|---|---|---|---|
| 001 | L143487 | ||
| 008 | 080514s20080202xxk f lf000 0 eng d | ||
| 035 | _a(Sirsi) u143487 | ||
| 041 | 0 | _aeng | |
| 050 | 0 | 4 | _a336.21 $2 18 |
| 110 | 2 |
_aUnited Kingdom _kLaws, etc _95044 |
|
| 245 | 0 | 4 |
_aThe Non-Domestic Rating (Demand Notices) (Wales) (Amendment) Regulations 2008 _h[electronic resource] |
| 260 |
_aLondon _bTSO _c2008 |
||
| 490 | 0 |
_aSI _v2008 7(W.3) |
|
| 520 | _aComes into force 2 February 2008. Provides for the contents of rate demand notices, which are issued by billing authorities (borough and county councils) in Wales, and for the information to be supplied when such notices are served by them. Specifies the information to be supplied when rate demand notices are sent by billing authorities. Provides that, unless the Welsh Ministers order otherwise, the normal liability for an unoccupied hereditament would be the same as for an occupied hereditament. | ||
| 590 | _aKA | ||
| 650 | 2 | 4 | _aRATING (EMPTY PROPERTIES) ACT 2007 |
| 650 | 2 | 4 | _aNON-DOMESTIC RATING (DEMAND NOTICES) (WALES) (AMENDMENT) REGULATIONS 2008 |
| 651 | 4 |
_aWales _y2007- |
|
| 690 | _aPROPERTY-COMMERCIAL PROPERTY-COMMERCIAL PROPERTY TAXATION-BUSINESS RATES | ||
| 856 | 4 | 0 |
_uhttps://www.opsi.gov.uk/legislation/wales/wsi2008/wsi_20080007_en_1 _zView the statutory instrument free of charge at www.opsi.gov.uk... |
| 942 | _n0 | ||
| 999 |
_c108170 _d108170 |
||